| 000 | 00807nam a2200265Ia 4500 | ||
|---|---|---|---|
| 001 | Z_696 | ||
| 003 | CHAP | ||
| 008 | 220113s1983 xx 000 0 und d | ||
| 010 | _a163789 | ||
| 040 | _cCHAP | ||
| 090 | _aTesis V 218 | ||
| 100 |
_aVelázquez Cortes, Víctor Manuel _9137854 |
||
| 245 |
_aProducción láctea de tres razas de conejos: Criollo, California y Nueva Zelanda Blanco / _cpor Víctor Manuel Velázquez Cortes |
||
| 260 |
_aChapingo, Méx. : _bEl autor, _c1983 |
||
| 300 | _a39 h.; gráfs. | ||
| 502 | _aTesis (Ing. Agrónomo Esp. en Zootecnia) -- UACH. Departamento de Zootecnia | ||
| 650 |
_aConejos _xRazas _926377 |
||
| 650 |
_aLeche de conejo _xProducción _965430 |
||
| 901 | _aTESIS V 218 | ||
| 902 | _aM | ||
| 910 | _a1983 | ||
| 942 | _c2 | ||
| 942 | _c2 | ||
| 999 |
_c163789 _d163789 |
||